000 00641nam a22002057a 4500
003 Ost
005 20260225034411.0
008 260225b |||||||| |||| 00| 0 eng d
020 _a9781800569386
040 _cBT-PhCST
050 _a25598-25602
082 _222
_a670.427
_bAKA
100 _aAkande, Olushola.
245 _aIndustrial automation from scratch :
_ba hands-on guide to using sensors, actuators, PLC, HMIs, and SCADA to automate industrial processes /
250 _a1st ed.
260 _aMumbai :
_bPackt Publishing Ltd.
_cc2023.
300 _axx, 474 p. :
_bill. ;
_c23 cm.
500 _aIncludes index.
942 _2ddc
_cICE
999 _c10127
_d10127